Asian Geography By Letter - B #2 - Statistics

General Stats
  • This quiz has been taken 127 times
  • The average score is 12 of 20
Answer Stats
Hint Answer % Correct
World's deepest and oldest lake Baikal
91%
Main religion of Thailand Buddhism
91%
Birthplace of Jesus Christ Bethlehem
88%
World's tallest building Burj Khalifa
85%
Most popular sport in Japan Baseball
78%
Language spoken in Yangon Burmese
73%
Biggest city in southern Iraq Basra
70%
Currency of Thailand Baht
69%
"Silicon Valley of India" Bangalore
64%
Major river in northeastern India that empties into the Bay of Bengal Brahmaputra
64%
Nomadic ethnic group in Saudi Arabia Bedouin
58%
Site of history's biggest industrial catastrophe in 1984 Bhopal
54%
Indonesia's second urban area Bandung
53%
Political party that rules Syria Ba'ath
48%
Ancient region in Central Asia / two-humped camel Bactria
44%
Former name of Jakarta Batavia
36%
Pakistan's biggest province {Balochi}stan
34%
Kazakhstan's largest lake Balkhash
31%
Largest Georgian city on Black Sea Batumi
28%
Philippine island that is home to the Chocolate Hills Bohol
15%
No matching quizzes found
Score Distribution
Percent of People with Each Score
Percentile by Number Answered
Your Score History
You have not taken this quiz